| 000 | 01041nam a22002657a 4500 | ||
|---|---|---|---|
| 005 | 2009060104074.0 | ||
| 008 | 080926t xxu||||| |||| 00| 0 eng d | ||
| 010 | _aENG-93804 | ||
| 020 |
_a9788189975517 _c350.00 |
||
| 035 | _aEN-77337 | ||
| 037 | _bDBAD / PUB | ||
| 040 |
_adpl _bEnglish |
||
| 082 | _a658.11 | ||
| 100 | _aLandrum, Gene N. | ||
| 245 |
_aEntrepreneurial genius: _cby Gene N. Landrum _bthe power of passion / |
||
| 260 |
_aChennai _bWestland _c2009 |
||
| 270 |
_a571, Poonamallee High Road, Kamaraj Bhavan, Aminijikarai, _bChennai _e600029 |
||
| 300 |
_a398p. _c23cm(pbk) |
||
| 500 | _aIncludes references and index | ||
| 650 |
_aNew business enterprises _xManagement |
||
| 650 | _aEntrepreneurship. | ||
| 942 |
_2ddc _cEN _mLAN _h658.11 |
||
| 999 |
_c27065 _d27065 |
||